山形県の市町村(1968年) - Statistics

General Stats
  • This quiz has been taken 8 times
  • The average score is 27 of 44
Answer Stats
コード 市町村 備考 % Correct
06201 山形市
100%
06202 米沢市
100%
06203 鶴岡市
86%
06204 酒田市
86%
06205 新庄市
86%
06210 天童市
86%
06206 寒河江市
71%
06207 上山市
71%
06208 村山市
71%
06209 長井市
71%
06211 東根市
71%
06212 尾花沢市
71%
06213 南陽市
71%
06301 東村山郡山辺町
57%
06302 東村山郡中山町
57%
06322 西村山郡西川町
57%
06324 西村山郡大江町
57%
06341 北村山郡大石田町
57%
06361 最上郡金山町
57%
06362 最上郡最上町
57%
06364 最上郡真室川町
57%
06366 最上郡鮭川村
57%
06367 最上郡戸沢村
57%
06381 東置賜郡高畠町
57%
06401 西置賜郡小国町
57%
06402 西置賜郡白鷹町
57%
06423 東田川郡藤島町 2005年消滅
57%
06424 東田川郡羽黒町 2005年消滅
57%
06425 東田川郡櫛引町 2005年消滅
57%
06426 東田川郡三川町
57%
06427 東田川郡朝日村 2005年消滅
57%
06441 西田川郡温海町 2005年消滅
57%
06461 飽海郡遊佐町
57%
06463 飽海郡松山町 2005年消滅
57%
06321 西村山郡河北町
43%
06323 西村山郡朝日町
43%
06363 最上郡舟形町
43%
06365 最上郡大蔵村
43%
06382 東置賜郡川西町
43%
06403 西置賜郡飯豊町
43%
06421 東田川郡立川町 2005年消滅
43%
06422 東田川郡余目町 2005年消滅
43%
06462 飽海郡八幡町 2005年消滅
43%
06464 飽海郡平田町 2005年消滅
43%
No matching quizzes found
Score Distribution
Percent of People with Each Score
Percentile by Number Answered
Your Score History
You have not taken this quiz